000 00608nam a22002057a 4500
003 OSt
005 20260205074943.0
008 260205b |||||||| |||| 00| 0 eng d
020 _a978-1-60320-095-0
040 _aDWCL-Main Lib
_cOC
082 _aGR. 909.82 T582 2009
110 _aTIME
_eCorporate Author
245 _aTime : the year in review 2009
260 _aNew York :
_bTime Inc.,
_cc2009.
300 _a138 p. :
_bill. ( Chiefly Col. ) ;
_c28 cm.
501 _aIncludes index.
650 _aHistory - events 2009.
650 _aWorld history - year end report 2009.
942 _2ddc
_cGR
_mGR.
_n0
999 _c8299
_d8299